Statistics for Every The Drifters song that hit the Billboard hot 100

Click here to take the quiz!

General Stats

  • This quiz has been taken 13 times
  • The average score is 8 of 33

Answer Stats

Peak Chart PositionYearSong% Correct
11960Save The Last Dance For Me
100%
41964Under The Boardwalk
91%
91963On Broadway
55%
181964Saturday Night At The Movies
55%
21959There Goes My Baby
55%
51963Up On The Roof
55%
161961Sweets For My Sweet
36%
161960This Magic Moment
36%
141961Please Stay
27%
601965Come On Over To My Place
18%
151959Dance With Me
18%
171961I Count The Tears
18%
331959(If You Cry) True Love, True Love
18%
481966Memories Are Made Of This
18%
321961Some Kind Of Wonderful
18%
281962When My Little Girl Is Smiling
18%
881962White Christmas
18%
431965At The Club
9%
581958Drip Drop
9%
251963I'll Take You Home
9%
331964I've Got Sand In My Shoes
9%
541960Lonely Winds
9%
861958Moonlight Bay
9%
581964One Way Love
9%
711963Rat Race
9%
721961Room Full Of Tears
9%
731962Stranger On The Shore
9%
431964Vaya Con Dios
9%
621966Baby What I Mean
0%
901965Chains Of Love
0%
911965Follow Me
0%
511965I'll Take You Where The Music's Playing
0%
301959Living Doll
0%

Score Distribution

Percentile by Number Answered

Percent of People with Each Score

Your Score History

You have not taken this quiz